Juan Cordero Íñiguez o la disciplina de ser /

Detalles Bibliográficos
Autores principales: Cordero López, Carmen Lucía (Autor), Romero y Cordero, Patricio (Autor)
Formato: Electrónico eBook
Lenguaje:español
Publicado: Quito, Ecuador : Cuenca, Ecuador : Academia Nacional de Historia ; Universidad del Azuay, [2025]
Colección:Colección "Académicos de la historia" ; t. 8.
Materias:
Acceso en línea:Digitalia Hispánica

MARC

LEADER 00000nam a2200000 i 4500
001 DIGUAZUAY0309
003 NyNyDIG
007 cr |||||||||||
008 260120s2025 ec ac ob 000 0 spa d
006 m o d
035 |a (OCoLC)1536988786 
040 |a DGITA  |b eng  |e rda  |e pn  |c DGITA 
020 |a 9789942670755  |q eBook 
020 |z 9789942670748 
043 |a s-ec--- 
050 1 4 |a F3726.C67 ebook 
100 1 |a Cordero López, Carmen Lucía,  |e author. 
245 1 0 |a Juan Cordero Íñiguez o la disciplina de ser /  |c Carmen Lucía Cordero López, Patricio Romero y Cordero. 
264 1 |a Quito, Ecuador :  |b Academia Nacional de Historia ;  |a Cuenca, Ecuador :  |b Universidad del Azuay,  |c [2025] 
300 |a 1 online resource :  |b illustrations (chiefly color), portraits. 
336 |a text  |b txt  |2 rdacontent 
337 |a computer  |b c  |2 rdamedia 
338 |a online resource  |b cr  |2 rdacarrier 
347 |a text file  |2 rdaft 
347 |b PDF 
490 1 |a Colección Académicos de la Historia ;  |v 8 
504 |a Includes bibliographical references. 
588 0 |a Online resource; title from PDF title page (Digitalia, viewed January 20, 2026) 
600 1 0 |a Cordero Iñiguez, Juan. 
650 0 |a Historians  |z Ecuador  |v Biography. 
700 1 |a Romero y Cordero, Patricio,  |e author. 
791 2 |a Digitalia (Firm),  |e distributor. 
793 0 |g Digitalia eBook Collection:  |a Universidad del Azuay 
776 0 8 |i Print version:  |a Cordero López, Carmen Lucía.  |t Juan Cordero Íñiguez o la disciplina de ser.  |d Quito, Ecuador : Academia Nacional de Historia ; Cuenca, Ecuador : Universidad del Azuay, [2025]  |z 9789942670748 
830 0 |a Colección "Académicos de la historia" ;  |v t. 8. 
856 4 0 |3 Digitalia Hispánica  |u https://www.digitaliapublishing.com/a/180873/ 
910 |a Premium collection: 2026